000 00591nam a2200253Ia 4500
005 20260121155845.0
008 008 260114s9999 xx 000 0 eng d
020 _a9780429428685
037 _aEBOOK
040 _aCRL
040 _beng
040 _cCRL
041 _2eng
041 _aeng
084 _qCRL
100 _a Mucha Mkono
_91024686
245 0 _aPositive Tourism in Africa
260 _bTaylor and Francis
260 _c2019
856 _uhttp://www.taylorfrancis.com/books/9780429428685
942 _cEBOOK
999 _c1591505
_d1591505